000 00212 a2200097 4500
001 30574
100 _aUNESCO
245 _aMuseums, imagination & education
260 _aUNESCO
_bParis
_c
090 _c20508
_d20508
942 _aNUST-CAE
_cM
_c11679
999 _c265647
_d265647